000
00339nam a2200145Ia 4500
008
210210b1909 xxu||||| |||| 00| 0 eng d
041
_a
eng
082
_a
825/1165
100
_a
LESLIE (Stephen)
245
_a
Swift
260
_a
London
_b
Macmillan & Co. Ltd.
_c
1909
650
_a
Swift
690
_a
English Criticism
906
_a
015479
999
_c
134848
_d
134848